000 00878nam a2200253 i 4500
001 bg
100 1 _aBORTNICZUK, Wiaczesław
245 1 0 _aPodstawy organizacji i kalkulacji produkcji budowlanej /
_cWiaczesław Bortniczuk, Krzysztof Kozubski.
260 _aŁódź :
_bPolitechnika Łódzka. Wydaw.,
_c1998.
300 _a293 s., [1] k. tabl. złoż. :
_brys., wykr. ;
_c24 cm.
504 _aBibliogr. s. 291-293.
650 9 _aBudownictwo
_xekonomika
_zPolska
_yod 1989 r.
650 9 _aBudownictwo
_xzarządzanie
_zPolska
_yod 1989 r.
650 9 _aKalkulacja kosztów
_xbudownictwo
_zPolska
_yod 1989 r.
655 _aPodręczniki
700 1 _aKOZUBSKI, Krzysztof
020 _a8387198382
040 _cBPK
041 0 _apl
080 _a338.45::69:657.47](438)"1989/..."(07)
920 _a83-87198-38-2
942 _cKS
008 s pl f |000 0 pol
999 _c37906
_d37906
856 _uhttp://koha.tu.koszalin.pl/cgi-bin/koha/opac-detail.pl?biblionumber=37906
_yKatalog online BPK